| 000 | 00937nam a22001577a 4500 | ||
|---|---|---|---|
| 008 | 120417t xxu||||| |||| 00| 0 eng d | ||
| 050 | _aHD82.B775 | ||
| 100 | _aBurmeister, Edwin | ||
| 245 |
_aMathematical theories of economic growth. / _cEdwin Burmeister |
||
| 260 |
_aNew York: _bMacmillan Pub. Center, _c1970. |
||
| 300 |
_axx, 443 p.: _c24cm. |
||
| 500 | _aIncludes index. | ||
| 505 | _aContents: Introduction -- One sector growth models -- Technological change in the one-sector model -- Two-sector growth models -- Extentions of the two-sector model -- Money and economic growth -- A Preview of multisector growth models -- Leontief models with alternative techniques -- Neoclassical multisector models without joint production -- Turnpike theorems and efficient economic growth -- Optimal economic growth -- Summary -- Appendix: Mathematical properties of nonnegative square matrices. | ||
| 650 | _aEconomics. | ||
| 942 |
_2lcc _cBK |
||
| 999 |
_c721 _d8221 |
||